Rozpočtová teória a politika pomôcka k seminárom
Guardado en:
| Autor principal: | |
|---|---|
| Autor Corporativo: | |
| Otros Autores: | , , , |
| Formato: | Libro |
| Lenguaje: | eslovaco |
| Publicado: |
Bratislava
Vydavateľstvo EKONÓM
2021
|
| Edición: | 1. vydanie |
| Materias: | |
| Etiquetas: |
Sin Etiquetas, Sea el primero en etiquetar este registro!
|
MARC
| LEADER | 00000nam a2200000 4500 | ||
|---|---|---|---|
| 001 | 0278855 | ||
| 005 | 20240502074329.5 | ||
| 020 | |a 978-80-225-4851-9 | ||
| 041 | 0 | |a slo | |
| 044 | |a SK | ||
| 245 | 1 | 0 | |a Rozpočtová teória a politika |b pomôcka k seminárom |c Kornélia Beličková, Daša Belkovicsová, Miroslava Skýpalová ; recenzenti: Erika Neubauerová, Lukáš Baňacký |
| 250 | |a 1. vydanie | ||
| 264 | 1 | |a Bratislava |b Vydavateľstvo EKONÓM |c 2021 | |
| 300 | |a 238 s. [10,956 AH] | ||
| 610 | 2 | 0 | |a politika rozpočtová |
| 610 | 2 | 0 | |a rozpočty verejné |
| 610 | 2 | 0 | |a normy právne |
| 610 | 2 | 0 | |a rozpočtovanie |
| 610 | 2 | 0 | |a správa verejná |
| 610 | 2 | 0 | |a školstvo |
| 610 | 2 | 0 | |a vláda |
| 100 | 1 | |a Beličková, Kornélia, 1966- | |
| 700 | 1 | |a Belkovicsová, Daša, 1982- | |
| 700 | 1 | |a Skýpalová, Miroslava, 1990- | |
| 700 | 1 | |a Neubauerová, Erika, 1968- | |
| 700 | 1 | |a Baňacký, Lukáš | |
| 710 | 2 | |a Ekonomická univerzita v Bratislave. Národohospodárska fakulta | |